Načítá se...
The colossus /
| Další autoři: | |
|---|---|
| Médium: | Printed Book |
| Vydáno: |
London:
Faber&Faber,
2008.
|
| Témata: |
| LEADER | 00494cam a2200157ua 4500 | ||
|---|---|---|---|
| 008 | 101112t2008||||||||||| 00 ||||| c | ||
| 082 | |a 811.54 |b PLA/T | ||
| 245 | 1 | 0 | |a The colossus / |
| 260 | |a London: |b Faber&Faber, |c 2008. | ||
| 300 | |a 79p.. | ||
| 362 | 1 | |a 2008. | |
| 650 | 0 | |a Literature, American | |
| 700 | 0 | 2 | |a Plath,, Sylvia |
| 942 | |c BK | ||
| 999 | |c 23960 |d 23960 | ||
| 952 | |0 0 |1 0 |4 0 |6 811_540000000000000_PLA |7 0 |9 25489 |a KUCL |b KUCL |d 2014-05-23 |l 1 |m 1 |o 811.54 PLA/ |p 22497 |r 2019-08-14 |s 2019-05-13 |w 2014-05-23 |y BK | ||